000 00466 a2200157 4500
003 OSt
005 20231223115459.0
008 231223b |||||||| |||| 00| 0 eng d
020 _a9789352294541
040 _coclc
082 _a891.43
_bSHA/H
100 _aShambhunath
_910186
245 _aHINDI UPANYAS RASHTRA AUR HASHIYA /
_cShambhunath
260 _aNew Delhi:
_bVani Prakashan,
_c2016.
942 _2ddc
_cBK
_h891.43
_iSHA/H
_k891.43
_mSHA/H
999 _c43545
_d43545